Valuation of business and business assets (Record no. 114824)

MARC details
000 -LEADER
fixed length control field 01410cad a22002775a 4500
001 - CONTROL NUMBER
control field L157534
008 - FIXED-LENGTH DATA ELEMENTS--GENERAL INFORMATION
fixed length control field 121213s2012 xxk f 000 0 eng d
035 ## - SYSTEM CONTROL NUMBER
System control number (Sirsi) u157535
041 0# - LANGUAGE CODE
Language code of text/sound track or separate title eng
110 2# - MAIN ENTRY--CORPORATE NAME
Corporate name or jurisdiction name as entry element Royal Institution of Chartered Surveyors
9 (RLIN) 4900
245 00 - TITLE STATEMENT
Title Valuation of business and business assets
Medium [electronic resource]
250 ## - EDITION STATEMENT
Edition statement 1st ed
260 ## - PUBLICATION, DISTRIBUTION, ETC.
Place of publication, distribution, etc. London
Name of publisher, distributor, etc. RICS
Date of publication, distribution, etc. 2013
300 ## - PHYSICAL DESCRIPTION
Extent 20p
490 #0 - SERIES STATEMENT
Series statement RICS Guidance Note
520 ## - SUMMARY, ETC.
Summary, etc. This guidance note was originally available in digital format separately from the Red Book. With effect from 6 January 2014 this guidance note is incorporated in the RICS Valuation - Professional Standards January 2014.
520 ## - SUMMARY, ETC.
Summary, etc. This guidance note on valuation of business and business assets will feature as part of RICS Valuation Standards (Red Book) due for publication in 2013. Covers scope of work and terms of engagement, business and business assets, information, valuation investigation, valuation methodology, reports and confidentiality.
590 ## - LOCAL NOTE (RLIN)
Local note KA
650 24 - SUBJECT ADDED ENTRY--TOPICAL TERM
Topical term or geographic name entry element RICS valuation standards
651 #4 - SUBJECT ADDED ENTRY--GEOGRAPHIC NAME
Geographic name International
690 ## - LOCAL SUBJECT ADDED ENTRY--TOPICAL TERM (OCLC, RLIN)
Topical term or geographic name as entry element Valuation
9 (RLIN) 6273
690 ## - LOCAL SUBJECT ADDED ENTRY--TOPICAL TERM (OCLC, RLIN)
Topical term or geographic name as entry element Business and management
690 ## - LOCAL SUBJECT ADDED ENTRY--TOPICAL TERM (OCLC, RLIN)
Topical term or geographic name as entry element Machinery and assets
9 (RLIN) 6254
856 40 - ELECTRONIC LOCATION AND ACCESS
Uniform Resource Identifier <a href="https://www.rics.org/global/Valuation%20of%20businesses%20and%20business%20interests.pdf">https://www.rics.org/global/Valuation%20of%20businesses%20and%20business%20interests.pdf</a>
Public note View the guidance free of charge (member-only content) at www.rics.org
942 ## - ADDED ENTRY ELEMENTS (KOHA)
Suppress in OPAC 0
Holdings
Withdrawn status Lost status Source of classification or shelving scheme Damaged status Not for loan Home library Current library Shelving location Date acquired Total Checkouts Full call number Barcode Date last seen Copy number Price effective from Koha item type
    Dewey Decimal Classification     Virtual Virtual Online 14/01/2013   ONLINE PUBLICATION 157535-2001 06/08/2019 1 06/08/2019 Book